000 00615nam a2200193Ia 4500
005 20250508152321.0
008 008 250505s9999 xx 000 0 eng d
037 _aTextual
040 _aFEDL
_beng
_cFEDL
041 _aeng
_2eng
084 _a371.4, IND
_qFEDL
245 0 _aBasic activities for non - basic schools
245 0 _cIndia. National Institute of Basic Education (New Delhi)
260 _aNew Delhi, India
_bNational Institute of Basic Educaion
_c1957
300 _a22p
650 _aEducational guidance and Counseling
942 _cTEXL
_h371.4, IND
999 _c1335691
_d1335691